| 000 | 00960nam a2200217 i 4500 | ||
|---|---|---|---|
| 001 | 110817 | ||
| 003 | ES-MaACL | ||
| 005 | 20260127062536.0 | ||
| 007 | t| | ||
| 008 | 070130s1923 sp ||||1| spa d | ||
| 100 | 1 |
_aBullón y Fernández, Eloy, _cMarqués de Selva Alegre, _d1879-1957 _932523 |
|
| 245 | 1 | 0 |
_aFormación de la unidad italiana _b: Lección inaugural del curso de 1923 a 24 explicada el día 7 de noviembre de 1923 / _cpor Eloy Bullón y Fernández. |
| 260 |
_aMadrid : _b[s.n.], _c1923 ( _fImp. y Lit. Rodríguez de LLano) |
||
| 300 |
_a60 p. ; _c18 cm. |
||
| 490 | 1 |
_aPublicaciones de la Real Academia de Jurisprudencia y Legislación ; _v68 |
|
| 651 | 4 |
_aItalia- _xHistoria- _y1849-1870. _98869 |
|
| 700 |
_aReal Academia de Jurisprudencia y Legislación de España _9217612 |
||
| 830 | 0 |
_aPublicaciones de la Real Academia de Jurisprudencia y Legislación ; _v68 _9180630 |
|
| 852 |
_aES-MaACL _jL-5235 |
||
| 999 |
_c110817 _d110817 |
||